01297nam a2200217 a 450000100100000000500170001000800410002704000250006808200150009310000360010824500670014426000390021130000340025050004550028459000450073970000370078404900090082195201130083095201190094399900170106200003252920200930065705.0110719s2007 xxuac 000 0 spa d aDO-SdBNPbspacBNPHU axxxxbB7261 aBorbón Parma, Edita de95135310aEdita de Borbón Parma :bmi vida /cEdita de Borbón Parma. aNueva York :bRazón Real,c2007. a361 p. :bil. retr. ;c29 cm. aEdita de Borbón Parma (Reynoso Gonzales), mi vida, antropellos y sufrimientos, por ser descendiente de la histórica y emblemática pareja presidencial dominicana el gral. don Horacio Vásquez Lajara y la poetisa y princesa doña Trina Moya de Vásquez (María del Carmen Reynoso, María de las Mercedes de Borbón y de Borbón), vinculados a las familia real de España desde los tiempos coloniales y victimas de la dictadura de Trujillo a2 ejemplares autografiados por la autora12aReynoso González, Edita958462 aBNPD 001050718MOaPDbPDcCTd2011-07-19iLF1l0oxxxx B726p32529-10r2020-06-25w2020-06-25y1ZNo se presta 001050718MOaPDbPDcCTd2011-07-26iLF1l0oxxxx B726p32529-20r2020-06-25te. 2w2020-06-25y1ZNo se presta c32020d32020